000
00319nam a2200133Ia 4500
008
230312s9999||||xx |||||||||||||| ||und||
082
_a
620.82
_b
SAN-H
100
_a
Sandom;Carl
245
0
_a
Human Factors for Engineers
260
_c
2004
300
_a
361
650
_a
Aviation
_v
Engineering/Technology
942
_c
BK
999
_c
12988
_d
12988